Fathers and children
Zapisane w:
| 1. autor: | |
|---|---|
| Format: | Książka |
| Język: | Undetermined |
| Wydane: |
New York
Alfred A. Knopf
1991
|
| Hasła przedmiotowe: | |
| Etykiety: |
Dodaj etykietę
Nie ma etykietki, Dołącz pierwszą etykiete!
|
| Thư viện lưu trữ: | Trung tâm Học liệu Trường Đại học Cần Thơ |
|---|
| LEADER | 00519nam a2200169Ia 4500 | ||
|---|---|---|---|
| 001 | CTU_32576 | ||
| 008 | 210402s9999 xx 000 0 und d | ||
| 082 | |a 891.733 | ||
| 082 | |b T936 | ||
| 100 | |a Fathers and children | ||
| 245 | 0 | |a Fathers and children | |
| 245 | 0 | |c Fathers and children, Ivan Turgenev; Dịch giả: Avril Pyman | |
| 260 | |a New York | ||
| 260 | |b Alfred A. Knopf | ||
| 260 | |c 1991 | ||
| 650 | |a russian fiction - 19th century ( english ) | ||
| 980 | |a Trung tâm Học liệu Trường Đại học Cần Thơ | ||